000 00455nam a22001937a 4500
003 MPLRDC
005 20220104142715.0
008 210129b ||||| |||| 00| 0 eng d
020 _a957-698-290-1
082 _a411.3 HTQY
100 _a黄堂庆云
245 _a螺旋藻
_c
250 _a初版
260 _a
_b青春出版社
_c1996
300 _b
490 _a青春出版社. 425
650 _a营养与食品
942 _cBK
_o411.3 HTQY
999 _c33064
_d33054